LDR 00819naa#a2200217#i#450# 001 EN\\bibl\19250 005 20260418132529.6 100 ## _a20260417b2026####ek#y0engy0150####ca 102 ## _aRU 200 1# _aDIAGNOSTICS OF GAS-CARTELLED VEHICLES BASED ON GRAPH MODELS _eConference article/thesis 210 1# _aVoronezh _cFSBE Institution of Higher Education Voronezh State University of Forestry and Technologies named after G.F. Morozov _d2026 215 ## _a8 с. 608 ## _aConference article/thesis _2local 675 ## _aАвтомобили. Автомобильный транспорт. 629.331 _z 700 #1 _aIvannikov _gV A. 700 #1 _aNovikov _gAleksey Petrovich 700 #1 _aHripchenko _gM. S. 700 #1 _aBuhtoyarov _gVladimir Nikolaevich 700 #1 _aGolev _gA. D. 700 #1 _aShiryaev _gS. A. 856 4# _abibl.vgltu.ru _u